Natural resource and environmental economics / (Record no. 11844)
[ view plain ]
| 000 -LEADER | |
|---|---|
| fixed length control field | 00692nam a22002292 4500 |
| 001 - CONTROL NUMBER | |
| control field | 0000001417 |
| 005 - DATE AND TIME OF LATEST TRANSACTION | |
| control field | 20151217155201.0 |
| 008 - FIXED-LENGTH DATA ELEMENTS--GENERAL INFORMATION | |
| fixed length control field | 070308s xx 000 0 eng d |
| 020 ## - INTERNATIONAL STANDARD BOOK NUMBER | |
| International Standard Book Number | 0582257271 : |
| 040 ## - CATALOGING SOURCE | |
| Original cataloging agency | KABU |
| Transcribing agency | KABU |
| 050 #0 - LIBRARY OF CONGRESS CALL NUMBER | |
| Classification number | HC79 |
| Item number | .E5P47 |
| 100 1# - MAIN ENTRY--PERSONAL NAME | |
| Personal name | Perman, Roger. |
| -- | 0000150137 |
| 245 10 - TITLE STATEMENT | |
| Title | Natural resource and environmental economics / |
| Statement of responsibility, etc. | Roger Perman, Yue Ma, James McGilvray. |
| 260 ## - PUBLICATION, DISTRIBUTION, ETC. (IMPRINT) | |
| Place of publication, distribution, etc. | London : |
| Name of publisher, distributor, etc. | Longman, |
| Date of publication, distribution, etc. | 1996. |
| 300 ## - PHYSICAL DESCRIPTION | |
| Extent | ix, 396 p. |
| 650 #0 - SUBJECT ADDED ENTRY--TOPICAL TERM | |
| Topical term or geographic name as entry element | Environmental economics. |
| -- | 0000150102 |
| 700 1# - ADDED ENTRY--PERSONAL NAME | |
| Personal name | Ma, Yue. |
| -- | 0000150138 |
| 700 1# - ADDED ENTRY--PERSONAL NAME | |
| Personal name | McGilvray, J. |
| -- | 0000150139 |
| 908 ## - PUT COMMAND PARAMETER (RLIN) | |
| Put command parameter | 070308 |
| 950 ## - LOCAL HOLDINGS (RLIN) | |
| -- | 1 |
| Withdrawn status | Lost status | Source of classification or shelving scheme | Not for loan | Home library | Current library | Date acquired | Total Checkouts | Full call number | Barcode | Date last seen | Price effective from | Koha item type |
|---|---|---|---|---|---|---|---|---|---|---|---|---|
| Library of Congress Classification | Kabarak, Main Campus | Kabarak, Main Campus | 17/12/2015 | HC79 .E5P47 | 001259 | 02/08/2024 | 17/12/2015 | General Collection |